| 000 | 00621nam a2200205Ia 4500 | ||
|---|---|---|---|
| 003 | GCL | ||
| 008 | 140319s9999 xx 000 0 ara d | ||
| 040 |
_aGCL / _cGCL |
||
| 082 | 0 | 4 |
_aق _b929.9 _bن ع |
| 100 | 1 | _aناصر الانصارى | |
| 245 | 1 | 0 |
_aعلم مصر من قديم الزمان حتى الآن / _cناصر الانصارى |
| 300 | _a64 ص | ||
| 490 |
_aمكتبة الاسرة _v0 |
||
| 650 | 0 | 4 | _aمصر |
| 650 | 0 | 4 | _aالاعلام والرايات |
| 650 | 0 | 4 | _aمصر - تاريخ |
| 650 | 0 | 4 | _aاعلام الدول |
| 650 | 0 | 4 | _aالاعلام والرايات - مصر |
| 942 |
_2ddc _cBK |
||
| 999 |
_c50788 _d50788 |
||